مكتبة جامعة عجلون الوطنية

فهرس بحث المكتبة

Normal view MARC view
  • تاليف ابراهيم،ابراهيم حسن

Entry Personal Name

Number of records used in: 1

001 - CONTROL NUMBER

  • control field: 20237

003 - CONTROL NUMBER IDENTIFIER

  • control field: JO-AjAnu

005 - DATE AND TIME OF LATEST TRANSACTION

  • control field: 20230606073525.0

008 - FIXED-LENGTH DATA ELEMENTS

  • fixed length control field: 230606|| aca||aabn | a|a d

040 ## - CATALOGING SOURCE

  • Original cataloging agency: JO-AjAnu
  • Transcribing agency: JO-AjAnu

100 ## - HEADING--PERSONAL NAME

  • Personal name: تاليف ابراهيم،ابراهيم حسن

670 ## - SOURCE DATA FOUND

  • Source citation: Work cat.: (JO-AjAnu)10391: تاليف ابراهيم،ابراهيم حسن, author, إعراب الفعل في ضوء(منهج السالك الى ألفية ابن مالك)